000 00349nam a22001457a 4500
003 SGT
020 _a9789386649225
082 _a001.42
_bR22K
100 _aKothari, C. R.
245 _aResearch Methodology
_bMethods & Techniques
260 _bNew Age International Publishers
_c2022
300 _a458
650 _aResearch
942 _2ddc
_cBK
_07
999 _c24800
_d24800